000
00295nam a22001337a 4500
008
260331b ||||| |||| 00| 0 eng d
020
_a
9951050417
041
_a
eng
080
_a
341.485
100
_a
25
101
_a
ngjarje
245
_a
Spastrimet Etnike
_c
Hivzi Islami
942
_2
udc
_c
BK
999
_c
60955
_d
60955